Municipios mas poblados de México (Censo 2020) - Estadísticas

Estadísticas generales
  • Esta prueba ha sido intentada 26 veces
  • La puntuación promedio es 61 de 142
Estadísticas de respuestas
Estado Respuesta % Correcto
Guanajuato León
100%
Jalisco Guadalajara
96%
Puebla Puebla
96%
Chihuahua Ciudad Juárez
91%
Estado de México Ecatepec de Morelos
91%
Yucatán Mérida
91%
Nuevo Leon Monterrey
91%
Baja California Tijuana
91%
Jalisco Zapopan
87%
Aguascalientes Aguascalientes
83%
Quintana Roo Cancun
83%
Chihuahua Chihuahua
83%
Sinaloa Culiacan
83%
Sonora Hermosillo
83%
Estado de México Nezahualcoyotl
83%
Guerrero Acapulco
78%
Durango Durango
78%
Baja California Mexicali
78%
Queretaro Queretaro
78%
San Luis Potosi San Luis Potosi
78%
Morelos Cuernavaca
74%
Guanajuato Guanajuato
74%
Michoacan Morelia
74%
Estado de México Toluca
74%
Coahuila Torreón
74%
Chiapas Tuxtla Gutierrez
74%
Guanajuato Celaya
70%
CDMX Ciudad de México
70%
Coahuila Saltillo
70%
Nayarit Tepic
70%
Veracruz Xalapa
70%
Nuevo Leon | Zacatecas Guadalupe
65%
Guanajuato Irapuato
65%
Nuevo Leon Juárez
65%
Oaxaca Oaxaca
65%
Hidalgo Pachuca
65%
Tamaulipas Reynosa
65%
Veracruz Veracruz
65%
Campeche Campeche
61%
Sinaloa Mazatlán
61%
Tamaulipas Tampico
61%
Tamaulipas Ciudad Victoria
57%
Baja California Ensenada
57%
Baja California Sur La Paz
57%
Tamaulipas Matamoros
57%
Guanajuato Salamanca
57%
Tabasco Villahermosa
57%
Guerrero Chilpancingo
52%
Estado de México Chimalhuacan
52%
Sonora Ciudad Obregón
52%
Jalisco Puerto Vallarta
52%
Guanajuato San Miguel de Allende
52%
Nuevo Leon San Nicolás de los Garza
52%
Nuevo Leon San Pedro Garza Garcia
52%
Quintana Roo Chetumal
48%
Veracruz Coatzacoalcos
48%
Colima Colima
48%
Estado de México Naucalpan
48%
Michoacan Zamora
48%
Estado de México Chalco de Díaz Covarrubias
43%
Tamaulipas Ciudad Madero
43%
San Luis Potosi Ciudad Valles
43%
Guanajuato Dolores Hidalgo
43%
Estado de México Ixtapaluca
43%
Sinaloa Los Mochis
43%
Sonora Nogales
43%
Tmaulipas Nuevo Laredo
43%
Tlaxcala Tlaxcala
43%
Zacatecas Zacatecas
43%
Estado de México Cuautitlan
39%
Estado de México Cuautitlán
39%
Baja California Sur Los Cabos
39%
Colima Manzanillo
39%
Coahuila Piedras Negras
39%
Jalisco Tlaquepaque
39%
Michoacan Uruapan
39%
Nuevo Leon Apodaca
35%
Morelos Cuautla
35%
Zacatecas Fresnillo
35%
Coahuila Monclova
35%
Chiapas Tapachula
35%
Estado de Mexico Tlalnepantla
35%
Jalisco Tonalá
35%
Campeche Ciudad del Carmen
30%
Jalisco Lagos de Moreno
30%
Estado de México Ojo de Agua
30%
Veracruz Orizaba
30%
Guanajuato Penjamo
30%
Chiapas San Cristobal de las Casas
30%
Queretaro San Juan del Río
30%
Tlaxcala Apizaco
26%
Puebla Cholula
26%
Nuevo León General Escobedo
26%
Durango Gómez Palacio
26%
Estado de México Huixquilucan
26%
Veracruz Poza Rica
26%
Sonora San Luis Río Colorado
26%
Guanajuato Silao
26%
Puebla Tehuacán
26%
Estado de México Xico
26%
Baja California Sur Cabo San Lucas
22%
Chihuahua Ciudad Cuauhtémoc
22%
Chihuahua Delicias
22%
Sonora Guaymas
22%
Guerrero Iguala
22%
Morelos Jiutepec
22%
Veracruz Minatitlán
22%
Quintana roo Playa del Carmen
22%
Guanajuato Acámbaro
17%
Coahuila Ciudad Acuña
17%
Chiapas Comitán de Dominguez
17%
Baja California Rosarito
17%
Nuevo Leon Santa Catarina
17%
Hidalgo Tulancingo
17%
Guanajuato Valle de Santiago
17%
Michoacan Apatzingán
13%
Jalisco Ciudad Guzman
13%
Estado de México Ciudad López Mateos
13%
Estado de México Coacalco
13%
Coahuila Ramos Arizpe
13%
Tamaulipas Río Bravo
13%
Morelos Temixco
13%
Colima Villa de Álvarez
13%
Guanajuato Apaseo el Grande
9%
Veracruz Boca del Río
9%
Veracruz Córdoba
9%
Nuevo Leon García
9%
Chihuahua Hidalgo del Parral
9%
Yucatan Kanasín
9%
Sonora Navojoa
9%
Guanajuato San Félipe
9%
Oaxaca San Juan Bautista Tuxtepec
9%
San Luis Potosi Soledad de Graciano Sanchéz
9%
Estado de México Buenavista
4%
Estado de México Chicoloapan
4%
Queretaro El Pueblito
4%
Jalisco Hacienda Santa Fé
0%
Tamaulipas Miramar
0%
Estado de México San Pablo de las Salinas
0%
Estado de México Tepexpan
0%
Estado de México Villa Nicolas Romero
0%
No se encontraron pruebas coincidentes
Distribución de puntuación
Porcentaje de gente con cada puntuación
Porcentaje por número respondido
Historial de tus puntuaciones
No has intentado esta prueba.